South Carolina agricultural statistics
Salvato in:
| Natura: | Libro |
|---|---|
| Lingua: | Undetermined |
| Pubblicazione: |
South Carolina
1994
|
| Tags: |
Aggiungi Tag
Nessun Tag, puoi essere il primo ad aggiungerne! !
|
| Thư viện lưu trữ: | Trung tâm Học liệu Trường Đại học Cần Thơ |
|---|
| LEADER | 00387nam a2200133Ia 4500 | ||
|---|---|---|---|
| 001 | CTU_36297 | ||
| 008 | 210402s9999 xx 000 0 und d | ||
| 082 | |a 630.212 | ||
| 082 | |b S726 | ||
| 245 | 0 | |a South Carolina agricultural statistics | |
| 260 | |a South Carolina | ||
| 260 | |c 1994 | ||
| 904 | |i Nguyễn Quang Điền, 000424 | ||
| 980 | |a Trung tâm Học liệu Trường Đại học Cần Thơ | ||